[Event "I Festival A"]
[Site "Cortina d'Ampezzo ITA"]
[Date "2003.07.09"]
[Round "3"]
[White "Lain, Luigi"]
[Black "Rombaldoni, Denis"]
[Result "1/2-1/2"]
[WhiteElo "2261"]
[BlackElo "2064"]
[PlyCount "219"]
[EventDate "2003.07.07"]

1. d4 d5 2. c4 e6 3. Nc3 Be7 4. Nf3 Nf6 5. Bg5 Nbd7 6. e3 O-O 7. Qc2 c5 8. Rd1
cxd4 9. Nxd4 dxc4 10. Bxc4 Qa5 11. Bh4 Ne5 12. Bb3 Ng6 13. Bg3 e5 14. Nde2 Bd7
15. O-O Rac8 16. Qd2 Qb6 17. Nd5 Nxd5 18. Bxd5 Rfd8 19. e4 h6 20. Kh1 Bb4 21.
Qd3 Bb5 22. Qf3 Qf6 23. Qe3 Qa6 24. Bxf7+ Kxf7 25. Qb3+ Bc4 26. Qxb4 Bxe2 27.
Rxd8 Rxd8 28. Re1 Qb5 29. Qc3 Qd3 30. Qb4 Qd1 31. f3 Qd2 32. Qxb7+ Kg8 33. a4
Nf4 34. Rg1 Qe3 35. Qc7 Qb6 36. Qxe5 Nh3 37. Re1 Nf2+ 38. Bxf2 Qxf2 39. Ra1 Bd1
40. h3 Bxf3 41. Qe6+ Kh8 42. gxf3 Qxf3+ 43. Kg1 Rf8 44. Qg4 Qe3+ 45. Kh1 Rf4
46. Qg2 Rf3 47. Qg4 Rg3 48. Qc8+ Kh7 49. Qf5+ Rg6 50. Rd1 Qg3 51. Qf1 Qh4 52.
Qf5 Qg3 53. Qf1 Rg5 54. Rd5 Rg6 55. Rd3 Qe5 56. Qf5 Qxb2 57. Rg3 Qc1+ 58. Kg2
Qd2+ 59. Kf1 Qd1+ 60. Kf2 Qd4+ 61. Ke2 Qb2+ 62. Kf1 Qf6 63. Rxg6 Qxg6 64. Qxg6+
Kxg6 65. Kf2 Kf6 66. Ke3 g5 67. a5 Ke5 68. a6 h5 69. Kf3 Kd4 70. h4 g4+ 71. Kf4
Kc5 72. e5 Kc6 73. Ke4 Kd7 74. Ke3 Ke6 75. Ke4 Kf7 76. Kf4 Ke8 77. Ke4 Kd8 78.
Kf4 Kd7 79. Ke3 Kc6 80. Ke4 Kc5 81. Kf5 g3 82. e6 g2 83. e7 g1=Q 84. e8=Q Qg4+
85. Kf6 Qxh4+ 86. Kg6 Qg4+ 87. Kf6 Qf3+ 88. Kg5 Qd5+ 89. Kh4 Qc4+ 90. Kxh5 Qxa6
91. Qe5+ Kb4 92. Qd4+ Ka5 93. Qd2+ Kb6 94. Qd6+ Kb7 95. Qd7+ Kb8 96. Qe8+ Qc8
97. Qe5+ Qc7 98. Qb5+ Qb6 99. Qe8+ Kb7 100. Qd7+ Ka6 101. Kg4 Ka5 102. Kf3 a6
103. Qd5+ Kb4 104. Ke4 Qg6+ 105. Ke3 Qg3+ 106. Kd2 Qc3+ 107. Kd1 a5 108. Qd2 a4
109. Qxc3+ Kxc3 110. Kc1 1/2-1/2

[Event "I Festival A"]
[Site "Cortina d'Ampezzo ITA"]
[Date "2003.07.09"]
[Round "3"]
[White "Popa, Claudiu"]
[Black "Drasko, Milan"]
[Result "0-1"]
[WhiteElo "2148"]
[BlackElo "2491"]
[PlyCount "72"]
[EventDate "2003.07.07"]

1. e4 e6 2. d4 d5 3. Nd2 Be7 4. Bd3 c5 5. dxc5 Nf6 6. Qe2 Nc6 7. Ngf3 a5 8. O-O
O-O 9. c3 Re8 10. e5 Nd7 11. Bc2 a4 12. Re1 Nxc5 13. Nd4 a3 14. b3 Nxd4 15.
cxd4 Na6 16. Nf1 g6 17. Bh6 Nb4 18. Bb1 f5 19. Bd3 Bd7 20. Red1 Qb6 21. Be3
Rac8 22. Rac1 Rxc1 23. Bxc1 Nc6 24. Be3 Rc8 25. Bb1 Na7 26. f4 Nb5 27. Qf2 Nc3
28. Rc1 Qb5 29. Kh1 Nxb1 30. Rxb1 Qd3 31. Rc1 Rxc1 32. Bxc1 Bb5 33. Ng3 Qb1 34.
Qe3 Qxa2 35. Qc3 Qb1 36. h3 a2 0-1

[Event "I Festival A"]
[Site "Cortina d'Ampezzo ITA"]
[Date "2003.07.09"]
[Round "3"]
[White "Rotstein, Arkadij"]
[Black "Sulava, Nenad"]
[Result "0-1"]
[WhiteElo "2544"]
[BlackElo "2479"]
[PlyCount "68"]
[EventDate "2003.07.07"]

1. Nf3 b6 2. e4 Bb7 3. Nc3 Nf6 4. e5 Nd5 5. Nxd5 Bxd5 6. d4 e6 7. Bd3 c5 8.
dxc5 bxc5 9. O-O Be7 10. Re1 O-O 11. c3 Nc6 12. Nd2 f5 13. exf6 Bxf6 14. Ne4 c4
15. Bc2 Be5 16. Ng5 h6 17. Qh5 Qf6 18. Re2 Bd4 19. cxd4 Nxd4 20. Ne4 Qf5 21.
Qh4 Nxe2+ 22. Kf1 Nxc1 23. Rxc1 Qf4 24. Qxf4 Rxf4 25. Nc3 Bc6 26. Nd1 Rb8 27.
Bb1 Rd4 28. Bg6 Kf8 29. Ne3 Rxb2 30. f3 Bb5 31. Kg1 Rdd2 32. h4 Re2 33. Rc3
Rxa2 34. Kh2 d5 0-1

[Event "I Festival A"]
[Site "Cortina d'Ampezzo ITA"]
[Date "2003.07.09"]
[Round "3"]
[White "Ventura, Sergio"]
[Black "Cacco, Christian"]
[Result "0-1"]
[WhiteElo "2173"]
[BlackElo "2330"]
[PlyCount "82"]
[EventDate "2003.07.07"]

1. e4 g6 2. d4 Bg7 3. Nc3 c6 4. Be3 b5 5. Qd2 d6 6. f3 Nd7 7. Bd3 Nb6 8. g4 h5
9. g5 a6 10. Nge2 e6 11. f4 Ne7 12. O-O Qc7 13. Rae1 c5 14. f5 exf5 15. dxc5
dxc5 16. exf5 Bxf5 17. Bxf5 Nxf5 18. Bf4 Qd7 19. Ng3+ Ne7 20. Qe2 Bd4+ 21. Kh1
Qc6+ 22. Nce4 h4 23. c3 hxg3 24. Bxg3 Bg7 25. Kg1 O-O 26. Qg2 Rac8 27. Bd6 Nf5
28. Bxf8 Kxf8 29. Qh3 Re8 30. Nf6 Bxf6 31. Rxe8+ Kxe8 32. gxf6 Qxf6 33. Qg2 Kf8
34. Qb7 Na4 35. Qg2 c4 36. Qa8+ Kg7 37. Qg2 Nc5 38. Qg4 Qe5 39. Rxf5 Qxf5 40.
Qd4+ Kh7 41. Qh4+ Qh5 0-1

[Event "I Festival A"]
[Site "Cortina d'Ampezzo ITA"]
[Date "2003.07.09"]
[Round "4"]
[White "Barlocco, Carlo"]
[Black "Gosio, Denis"]
[Result "1/2-1/2"]
[WhiteElo "2150"]
[BlackElo "2160"]
[PlyCount "142"]
[EventDate "2003.07.07"]

1. Nf3 Nf6 2. g3 b6 3. Bg2 Bb7 4. O-O e6 5. c4 Be7 6. b3 O-O 7. Bb2 d5 8. Qc2
c5 9. d4 dxc4 10. Qxc4 cxd4 11. Nxd4 Bxg2 12. Kxg2 Qc8 13. Qxc8 Rxc8 14. Ba3
Kf8 15. Bxe7+ Kxe7 16. Na3 Nc6 17. Rfd1 Nxd4 18. Rxd4 Rc5 19. Nc4 Rd8 20. Rxd8
Kxd8 21. f4 Ke7 22. a4 Nd5 23. Kf3 f6 24. e4 Nb4 25. Ke2 Nc2 26. Rd1 e5 27.
fxe5 fxe5 28. Kd3 Nb4+ 29. Kc3 a5 30. Rd2 Rc6 31. Kb2 Re6 32. Ka3 g6 33. Ne3
Na6 34. Nd5+ Kf7 35. Rf2+ Kg7 36. Rc2 Nc5 37. Rc4 h5 38. Nxb6 Nxb3 39. Rc7+ Kh6
40. Nc4 Nd4 41. Rc5 Nf3 42. h4 g5 43. Rxa5 gxh4 44. gxh4 Nxh4 45. Rxe5 Rc6 46.
Kb4 Ng6 47. Rd5 h4 48. Ne3 h3 49. Nf5+ Kh7 50. Nd4 Rb6+ 51. Kc5 Ra6 52. Rh5+
Kg8 53. Kb5 Rd6 54. Nc6 Rd3 55. Ne5 Nxe5 56. Rxe5 h2 57. Rh5 Rb3+ 58. Kc4 Rb2
59. Kd5 Ra2 60. e5 Kf7 61. Rh7+ Kg8 62. Rh4 Kf7 63. e6+ Ke7 64. Rh7+ Ke8 65.
Kd6 Rd2+ 66. Kc5 Rc2+ 67. Kb4 Rb2+ 68. Kc3 Ra2 69. Kb3 Re2 70. a5 Re3+ 71. Kc4
Re4+ 1/2-1/2

[Event "I Festival A"]
[Site "Cortina d'Ampezzo ITA"]
[Date "2003.07.09"]
[Round "4"]
[White "Bonafede, Alessandro"]
[Black "Agnelli, Francesco"]
[Result "0-1"]
[WhiteElo "2098"]
[BlackElo "2102"]
[PlyCount "58"]
[EventDate "2003.07.07"]

1. e4 c5 2. Nf3 Nc6 3. d4 cxd4 4. Nxd4 e5 5. Nb5 d6 6. N1c3 a6 7. Na3 b5 8. Nd5
Nf6 9. Bg5 Be7 10. Bxf6 Bxf6 11. Bd3 O-O 12. c3 Be6 13. Nc2 Bg5 14. O-O f5 15.
Nce3 f4 16. Nc2 Rb8 17. f3 Bh4 18. Qe2 Qd7 19. Rfb1 Qa7+ 20. Kh1 Qf7 21. Ncb4
Nxb4 22. Nxb4 Qh5 23. Kg1 Bg3 24. hxg3 fxg3 25. Qe3 Qh2+ 26. Kf1 Bh3 27. Qg1
Bxg2+ 28. Ke2 Bf1+ 29. Kxf1 Rxf3+ 0-1

[Event "I Festival A"]
[Site "Cortina d'Ampezzo ITA"]
[Date "2003.07.09"]
[Round "4"]
[White "Cacco, Christian"]
[Black "Lain, Luigi"]
[Result "1-0"]
[WhiteElo "2330"]
[BlackElo "2261"]
[PlyCount "101"]
[EventDate "2003.07.07"]

1. d4 d5 2. Nf3 Nf6 3. c4 e6 4. Bg5 Nbd7 5. Nc3 Be7 6. e3 O-O 7. Qc2 dxc4 8.
Bxc4 b6 9. O-O Bb7 10. e4 h6 11. Bh4 c5 12. Rad1 cxd4 13. Rxd4 Bc5 14. Bxf6
gxf6 15. Rd3 Qe7 16. Qd2 Rfd8 17. Qxh6 Nf8 18. Rfd1 Rxd3 19. Bxd3 Rd8 20. Bc2
Bb4 21. Rxd8 Qxd8 22. Qd2 Qc7 23. Qd4 Qe7 24. a3 Bc5 25. Qc4 Ng6 26. b4 Bd6 27.
g3 f5 28. Qd4 Qc7 29. Bd1 e5 30. Qd2 fxe4 31. Nb5 Qe7 32. Ng5 Bb8 33. Bb3 Nh8
34. Nc3 a5 35. Ngxe4 axb4 36. axb4 Qxb4 37. Qg5+ Kf8 38. Qd8+ Kg7 39. Qxb8 Bxe4
40. Qxe5+ Kg8 41. Nxe4 Qxb3 42. Nf6+ Kf8 43. Qe8+ Kg7 44. Nh5+ Kh7 45. Qe5 Qb1+
46. Kg2 Qg6 47. h4 f5 48. Nf6+ Kg7 49. Ne8+ Kg8 50. Nd6 Nf7 51. Qe8+ 1-0

[Event "I Festival A"]
[Site "Cortina d'Ampezzo ITA"]
[Date "2003.07.09"]
[Round "4"]
[White "Drasko, Milan"]
[Black "Genocchio, Daniele"]
[Result "1/2-1/2"]
[WhiteElo "2491"]
[BlackElo "2352"]
[PlyCount "29"]
[EventDate "2003.07.07"]

1. d4 c5 2. d5 g6 3. c4 Bg7 4. Nf3 d6 5. g3 e6 6. Nc3 Ne7 7. Bg2 O-O 8. O-O
exd5 9. cxd5 Na6 10. Bf4 Bg4 11. Nd2 Nc8 12. Nc4 g5 13. Bd2 f5 14. Re1 Nb6 15.
Na5 1/2-1/2

[Event "I Festival A"]
[Site "Cortina d'Ampezzo ITA"]
[Date "2003.07.09"]
[Round "4"]
[White "Facchetti, Gianni"]
[Black "Fabris, Alberto"]
[Result "1/2-1/2"]
[WhiteElo "2143"]
[BlackElo "2230"]
[PlyCount "85"]
[EventDate "2003.07.07"]

1. e4 d6 2. d4 Nf6 3. Nc3 g6 4. Nf3 Bg7 5. Be2 O-O 6. h3 c6 7. O-O b5 8. a3 a6
9. Be3 Nbd7 10. e5 Nd5 11. Nxd5 cxd5 12. exd6 exd6 13. Qd2 Re8 14. Bd3 Nf6 15.
Bg5 Qb6 16. Bxf6 Bxf6 17. c3 a5 18. Rfe1 Be6 19. Qf4 Bg7 20. Ng5 Ra7 21. Qh4 h6
22. Nxe6 Rae7 23. Re2 Rxe6 24. Rae1 Rxe2 25. Rxe2 Rxe2 26. Bxe2 b4 27. axb4
axb4 28. Qg3 b3 29. Qd3 Qa5 30. Qd2 Bf6 31. g3 Kg7 32. Kg2 Qa2 33. Bd1 Bg5 34.
f4 Bf6 35. Kf3 g5 36. Qe2 gxf4 37. gxf4 Kf8 38. Kg4 Kg7 39. Qg2 Kf8 40. Qxd5
Qxb2 41. Bxb3 Qe2+ 42. Kg3 Qe3+ 43. Kg2 1/2-1/2

[Event "I Festival A"]
[Site "Cortina d'Ampezzo ITA"]
[Date "2003.07.09"]
[Round "4"]
[White "Ivanov, Mikhail M."]
[Black "Rotstein, Arkadij"]
[Result "1/2-1/2"]
[WhiteElo "2406"]
[BlackElo "2544"]
[PlyCount "23"]
[EventDate "2003.07.07"]

1. d4 Nf6 2. c4 e6 3. g3 d5 4. Bg2 Be7 5. Nf3 O-O 6. O-O dxc4 7. Qc2 a6 8. Qxc4
b5 9. Qc2 Bb7 10. Bf4 Nd5 11. Nbd2 Nd7 12. Nb3 1/2-1/2

[Event "I Festival A"]
[Site "Cortina d'Ampezzo ITA"]
[Date "2003.07.09"]
[Round "4"]
[White "Navarro, Stefano"]
[Black "Fregonese, Giulio"]
[Result "0-1"]
[WhiteElo "2125"]
[BlackElo "2136"]
[PlyCount "41"]
[EventDate "2003.07.07"]

1. e4 e5 2. Nf3 Nc6 3. c3 d5 4. Bb5 dxe4 5. Nxe5 Qg5 6. Qa4 Bd7 7. Bxc6 bxc6 8.
Nxd7 Qxg2 9. Nf6+ Nxf6 10. Qxc6+ Ke7 11. Qxc7+ Ke6 12. Qc4+ Nd5 13. Rf1 Bd6 14.
d3 exd3 15. Be3 Bf4 16. Qc6+ Kf5 17. Qb5 Bxe3 18. Qxd3+ Ke6 19. fxe3 Qxb2 20.
Rf5 Qc1+ 21. Qd1 0-1

[Event "I Festival A"]
[Site "Cortina d'Ampezzo ITA"]
[Date "2003.07.09"]
[Round "4"]
[White "Raineri, Valerio"]
[Black "Ventura, Sergio"]
[Result "1/2-1/2"]
[WhiteElo "2164"]
[BlackElo "2173"]
[PlyCount "59"]
[EventDate "2003.07.07"]

1. e4 Nc6 2. d4 e5 3. d5 Nce7 4. Bd3 Ng6 5. Ne2 Nf6 6. Nd2 c6 7. c4 Bb4 8. a3
Bxd2+ 9. Bxd2 O-O 10. Ng3 c5 11. O-O d6 12. b4 b6 13. Nh5 Nxh5 14. Qxh5 Nf4 15.
Bxf4 exf4 16. g3 g6 17. Qf3 Bh3 18. Rfe1 fxg3 19. Qxg3 Qd7 20. Re3 Qg4 21. Rae1
f6 22. f4 Rae8 23. Kf2 Qxg3+ 24. Kxg3 Bd7 25. e5 fxe5 26. fxe5 dxe5 27. Rxe5
Rxe5 28. Rxe5 Kf7 29. h4 Kf6 30. Kf4 1/2-1/2

[Event "I Festival A"]
[Site "Cortina d'Ampezzo ITA"]
[Date "2003.07.09"]
[Round "4"]
[White "Rombaldoni, Denis"]
[Black "Popa, Claudiu"]
[Result "1/2-1/2"]
[WhiteElo "2064"]
[BlackElo "2148"]
[PlyCount "124"]
[EventDate "2003.07.07"]

1. d4 d5 2. Nf3 Nf6 3. e3 e6 4. Bd3 c5 5. b3 Qc7 6. Nbd2 cxd4 7. exd4 Bb4 8. c4
Nc6 9. Bb2 b6 10. O-O O-O 11. Rc1 Ba6 12. Ne5 Bxd2 13. Qxd2 Nxe5 14. dxe5 Ne4
15. Qe3 Nc5 16. Bb1 dxc4 17. bxc4 Bb7 18. Qe2 Qc6 19. Qg4 Rfd8 20. Rcd1 Rxd1
21. Rxd1 Qa4 22. Rd2 Qb4 23. Qd4 g6 24. a3 Qa5 25. h4 Na4 26. h5 Qc5 27. Qf4
Nxb2 28. Rd7 Qf8 29. hxg6 hxg6 30. Rxb7 Rd8 31. Bc2 Nd3 32. Qg3 Nc5 33. Rxa7
Qg7 34. Qg5 Rf8 35. a4 Kh7 36. Rc7 Qh6 37. Qxh6+ Kxh6 38. a5 Na6 39. Ra7 Nb4
40. Be4 bxa5 41. Rxa5 Rc8 42. c5 Nc6 43. Bxc6 Rxc6 44. f4 g5 45. g3 Kh5 46. Kf2
Kg4 47. fxg5 Kxg5 48. Ke3 Kf5 49. Kd4 Rc7 50. Ra6 Kg4 51. c6 Kxg3 52. Kc5 Kf4
53. Kd6 Rc8 54. c7 Rxc7 55. Kxc7 Kxe5 56. Kd7 f5 57. Rxe6+ Kd4 58. Rf6 Ke4 59.
Re6+ Kd4 60. Rf6 Ke4 61. Kd6 f4 62. Kc5 f3 1/2-1/2

[Event "I Festival A"]
[Site "Cortina d'Ampezzo ITA"]
[Date "2003.07.10"]
[Round "5"]
[White "Agnelli, Francesco"]
[Black "Facchetti, Gianni"]
[Result "1/2-1/2"]
[WhiteElo "2102"]
[BlackElo "2143"]
[PlyCount "117"]
[EventDate "2003.07.07"]

1. e4 e5 2. Nf3 Nc6 3. Bb5 Bc5 4. c3 Nf6 5. d3 d6 6. Nbd2 O-O 7. O-O Ne7 8. Re1
Ng6 9. Nf1 c6 10. Bc4 a5 11. Ng3 a4 12. d4 Bb6 13. Bg5 h6 14. Be3 Ng4 15. Bc1
Nh4 16. h3 Nxf3+ 17. Qxf3 Nf6 18. Be3 Nh7 19. Qh5 Nf6 20. Qf3 Be6 21. dxe5 Nd7
22. Bxe6 Nxe5 23. Bxf7+ Rxf7 24. Qe2 Bxe3 25. Qxe3 Qf6 26. Rf1 Qe6 27. f4 Nc4
28. Qe2 b5 29. Rae1 Raf8 30. Nf5 d5 31. b3 axb3 32. axb3 Na5 33. Nd4 Qd7 34.
exd5 Qxd5 35. b4 Nc4 36. Qe6 Qxe6 37. Nxe6 Ra8 38. Nd4 Ra3 39. Rf3 Rf6 40. Re7
Rg6 41. f5 Rf6 42. Rg3 Rf7 43. Re8+ Kh7 44. Ne6 Nd6 45. Rb8 Nxf5 46. Rd3 g5 47.
Rf3 Nd6 48. Rd3 Ra1+ 49. Kh2 Ne4 50. Re3 Nd2 51. Rd3 Nf1+ 52. Kg1 Ng3+ 53. Kh2
Nf1+ 54. Kg1 Re1 55. Rf8 Ne3+ 56. Kh2 Re7 57. Nd4 Nf1+ 58. Kg1 Ne3+ 59. Kh2
1/2-1/2

[Event "I Festival A"]
[Site "Cortina d'Ampezzo ITA"]
[Date "2003.07.10"]
[Round "5"]
[White "Bonafede, Alessandro"]
[Black "Barlocco, Carlo"]
[Result "0-1"]
[WhiteElo "2098"]
[BlackElo "2150"]
[PlyCount "106"]
[EventDate "2003.07.07"]

1. e4 b6 2. d4 Bb7 3. Nc3 e6 4. Nf3 Bb4 5. Bd3 Nf6 6. Qe2 d5 7. Bg5 h6 8. Bxf6
Qxf6 9. O-O O-O 10. Nb5 Qd8 11. a3 Be7 12. Rae1 Nc6 13. exd5 Qxd5 14. Nxc7 Nxd4
15. Qe3 Nxf3+ 16. gxf3 Qh5 17. Nxa8 Bxf3 18. Qe5 Qxe5 19. Rxe5 Bxa8 20. Re2 Bf6
21. b3 Rc8 22. c4 Be7 23. Be4 a5 24. Bxa8 Rxa8 25. Ra2 Rd8 26. Rb1 Rd4 27. Re1
a4 28. Rb1 axb3 29. Rxb3 Bc5 30. Rc3 Kf8 31. a4 Ke7 32. a5 Bb4 33. Rcc2 bxa5
34. Kg2 Kd6 35. c5+ Kc6 36. Kf3 Rd5 37. Ke4 f5+ 38. Ke3 e5 39. f3 g5 40. h3 Rd4
41. Ra1 f4+ 42. Ke2 e4 43. Rh1 Rd3 44. fxe4 Re3+ 45. Kf2 Rxe4 46. Re2 Bxc5+ 47.
Kf3 Rxe2 48. Kxe2 a4 49. Kf3 a3 50. Kg4 Kb5 51. Kh5 f3 52. Kxh6 Be3 53. Re1 f2
0-1

[Event "I Festival A"]
[Site "Cortina d'Ampezzo ITA"]
[Date "2003.07.10"]
[Round "5"]
[White "Fregonese, Giulio"]
[Black "Fabris, Alberto"]
[Result "0-1"]
[WhiteElo "2136"]
[BlackElo "2230"]
[PlyCount "124"]
[EventDate "2003.07.07"]

1. e4 d6 2. d4 Nf6 3. Nc3 g6 4. Be3 c6 5. a4 a5 6. Qd2 Ng4 7. Bg5 h6 8. Bh4 Bg7
9. f3 Nf6 10. Bf2 O-O 11. Bc4 d5 12. Bb3 dxe4 13. Nxe4 e5 14. Nxf6+ Qxf6 15.
Ne2 exd4 16. Bxd4 Qd6 17. Rd1 Bxd4 18. Qxd4 Qxd4 19. Rxd4 Nd7 20. Nf4 Nc5 21.
Ba2 Bf5 22. Rc4 Ne6 23. g4 Nxf4 24. gxf5 g5 25. Rg1 Rfe8+ 26. Kf1 Rad8 27. Rxf4
Rd1+ 28. Kf2 Rxg1 29. Rd4 Ra1 30. Bc4 Kg7 31. Rd6 Rxa4 32. f6+ Kg6 33. Bd3+ Kh5
34. Rd7 Rf8 35. Rxb7 Rf4 36. Ra7 Rxf6 37. Rxa5 Rb8 38. b3 Rb4 39. Kg3 Rd4 40.
Rc5 Rd5 41. Rc4 c5 42. Ra4 Re5 43. h3 Rfe6 44. h4 f5 45. hxg5 hxg5 46. Ra8 Rf6
47. Rc8 Kg6 48. f4 Re3+ 49. Kf2 gxf4 50. Rxc5 Kg5 51. b4 Rh3 52. b5 Kg4 53. b6
Rf3+ 54. Kg2 Rg3+ 55. Kf2 Rxb6 56. Bxf5+ Kh4 57. Rc7 Rh6 58. Bd3 Re3 59. Rg7
Rhe6 60. Bf5 R6e5 61. Rg4+ Kh5 62. Rxf4 Kg5 0-1

[Event "I Festival A"]
[Site "Cortina d'Ampezzo ITA"]
[Date "2003.07.10"]
[Round "5"]
[White "Genocchio, Daniele"]
[Black "Raineri, Valerio"]
[Result "1-0"]
[WhiteElo "2352"]
[BlackElo "2164"]
[PlyCount "67"]
[EventDate "2003.07.07"]

1. c4 Nf6 2. g3 g6 3. b3 Bg7 4. Bb2 d6 5. Bg2 e5 6. Nc3 O-O 7. e4 c5 8. Nge2
Nc6 9. O-O Be6 10. Nd5 Bxd5 11. cxd5 Ne7 12. Kh1 Ne8 13. f4 f5 14. d3 b5 15.
Rc1 Rc8 16. fxe5 dxe5 17. Rc2 Nd6 18. Qa1 fxe4 19. Rxf8+ Qxf8 20. dxe4 Qf6 21.
Nf4 c4 22. Rf2 Nf7 23. Qf1 c3 24. Bxc3 Rxc3 25. Ne2 Qb6 26. Nxc3 Nd6 27. Bh3
Qb8 28. Be6+ Kh8 29. a4 b4 30. Nb5 Nxe4 31. Rf7 Ng8 32. Rc7 Nef6 33. Rc8 Qb6
34. Qxf6 1-0

[Event "I Festival A"]
[Site "Cortina d'Ampezzo ITA"]
[Date "2003.07.10"]
[Round "5"]
[White "Gosio, Denis"]
[Black "Navarro, Stefano"]
[Result "1/2-1/2"]
[WhiteElo "2160"]
[BlackElo "2125"]
[PlyCount "120"]
[EventDate "2003.07.07"]

1. e4 e5 2. Nf3 Nc6 3. Bb5 f5 4. Nc3 fxe4 5. Nxe4 d5 6. Nxe5 dxe4 7. Nxc6 Qg5
8. Qe2 Nf6 9. f4 Qxf4 10. Ne5+ c6 11. d4 Qh4+ 12. g3 Qh3 13. Bc4 Be6 14. Bg5
O-O-O 15. O-O-O Bd6 16. Qf1 Rhe8 17. Qxh3 Bxh3 18. Nf7 Rd7 19. Nxd6+ Rxd6 20.
Rhe1 Bf5 21. Bxf6 gxf6 22. c3 Bg6 23. Kd2 h5 24. Ke3 f5 25. Rf1 Red8 26. Be2
Kd7 27. Rf4 Rh8 28. Rh4 Rh7 29. Rf1 Ke6 30. Rf2 Ke7 31. h3 Rf6 32. g4 fxg4 33.
hxg4 Rxf2 34. Kxf2 hxg4 35. Rxh7+ Bxh7 36. Bxg4 Kd6 37. Ke3 b6 38. Bd1 c5 39.
Bb3 cxd4+ 40. Kxd4 Bg6 41. Bc4 Bf5 42. Bf1 Bg6 43. Bg2 Bf7 44. a3 e3 45. Kxe3
Kc5 46. Bf1 a5 47. b4+ axb4 48. axb4+ Kd6 49. Kd4 Be8 50. c4 Bh5 51. Bg2 Bg4
52. Be4 Bc8 53. Bg6 Bd7 54. Bf7 Bf5 55. Be8 Be6 56. Kc3 Bf5 57. Kb3 Be6 58. Bb5
Bf7 59. Ka4 Be6 60. Kb3 Bf7 1/2-1/2

[Event "I Festival A"]
[Site "Cortina d'Ampezzo ITA"]
[Date "2003.07.10"]
[Round "5"]
[White "Lain, Luigi"]
[Black "Popa, Claudiu"]
[Result "1/2-1/2"]
[WhiteElo "2261"]
[BlackElo "2148"]
[PlyCount "47"]
[EventDate "2003.07.07"]

1. d4 d5 2. c4 dxc4 3. e3 Nf6 4. Bxc4 e6 5. Nf3 c5 6. O-O a6 7. a4 Nc6 8. Nc3
Be7 9. Qd3 O-O 10. Rd1 Qc7 11. Qe2 Rd8 12. dxc5 Rxd1+ 13. Nxd1 Ne4 14. Qc2 Nxc5
15. Nc3 Bf6 16. e4 Ne5 17. Be2 Bd7 18. Nd4 Nc6 19. Nxc6 Bxc6 20. Be3 Qa5 21.
Bd2 Qb6 22. Be3 Qa5 23. Bd2 Qb6 24. Be3 1/2-1/2

[Event "I Festival A"]
[Site "Cortina d'Ampezzo ITA"]
[Date "2003.07.10"]
[Round "5"]
[White "Rotstein, Arkadij"]
[Black "Drasko, Milan"]
[Result "1-0"]
[WhiteElo "2544"]
[BlackElo "2491"]
[PlyCount "83"]
[EventDate "2003.07.07"]

1. c4 Nf6 2. Nf3 e6 3. g3 d5 4. Bg2 dxc4 5. Qa4+ Nbd7 6. Qxc4 c5 7. Qb3 Rb8 8.
a4 b6 9. d3 Bd6 10. Na3 a6 11. Nc4 Bc7 12. Bd2 O-O 13. O-O Bb7 14. Rfc1 Qe7 15.
Qa3 b5 16. axb5 axb5 17. Na5 Ra8 18. b4 Bxa5 19. bxa5 e5 20. e4 Ba6 21. Nh4 b4
22. Qb3 g6 23. Bf1 Rab8 24. f3 Rfc8 25. Ng2 Nf8 26. Qb2 Qd6 27. Be3 Ne6 28. f4
Ng4 29. fxe5 Qxe5 30. Qxe5 Nxe5 31. Nf4 Nd4 32. Rab1 Ng4 33. Bxd4 cxd4 34.
Rxc8+ Bxc8 35. Nd5 b3 36. Bh3 Kf8 37. Nb6 h5 38. Rxb3 Kg7 39. Rb4 Ba6 40. Bxg4
hxg4 41. Rxd4 Bb5 42. Rd5 1-0

[Event "I Festival A"]
[Site "Cortina d'Ampezzo ITA"]
[Date "2003.07.10"]
[Round "5"]
[White "Ventura, Sergio"]
[Black "Rombaldoni, Denis"]
[Result "1-0"]
[WhiteElo "2173"]
[BlackElo "2064"]
[PlyCount "91"]
[EventDate "2003.07.07"]

1. Nf3 d5 2. b3 Bg4 3. Bb2 Nd7 4. e3 c6 5. c4 e6 6. Qc2 Ngf6 7. h3 Bxf3 8. gxf3
e5 9. h4 Qb6 10. h5 d4 11. Rh4 c5 12. Qf5 g6 13. hxg6 hxg6 14. Qh3 Rxh4 15.
Qxh4 O-O-O 16. Na3 Be7 17. Qh2 Kb8 18. O-O-O a6 19. Bg2 Bd6 20. Qh4 Bc7 21. Nc2
Qd6 22. Qh1 b5 23. cxb5 axb5 24. Na3 c4 25. Nxb5 Qb4 26. Nxc7 Kxc7 27. exd4
cxb3 28. a3 Qc4+ 29. Kb1 Qc2+ 30. Ka1 Kb6 31. f4 e4 32. Rc1 Qxd2 33. Bxe4 Nb8
34. Ba8 Rd7 35. Qf3 Ka7 36. Be4 Na6 37. Bb1 Nd5 38. f5 gxf5 39. Qxf5 Nb6 40.
Qh3 Rb7 41. Qe3 Qa5 42. d5 Kb8 43. d6 Na4 44. Rc8+ Kxc8 45. Qe8+ Qd8 46. Bf5+
1-0

[Event "I Festival A"]
[Site "Cortina d'Ampezzo ITA"]
[Date "2003.07.11"]
[Round "6"]
[White "Barlocco, Carlo"]
[Black "Rombaldoni, Denis"]
[Result "1-0"]
[WhiteElo "2150"]
[BlackElo "2064"]
[PlyCount "67"]
[EventDate "2003.07.07"]

1. Nf3 d5 2. d4 Nf6 3. g3 c6 4. Bg2 e6 5. O-O Qc7 6. c4 dxc4 7. a4 b5 8. Bf4
Qb6 9. Nc3 Bb7 10. Qc2 Be7 11. Rfb1 O-O 12. b3 cxb3 13. Rxb3 a6 14. Rab1 Nbd7
15. Ne5 Rfc8 16. Qd2 Nxe5 17. Bxe5 Ra7 18. axb5 cxb5 19. Nxb5 axb5 20. Rxb5
Qxb5 21. Rxb5 Ra1+ 22. Bf1 Bd5 23. Rb8 Rxb8 24. Bxb8 Ne4 25. Qc2 g5 26. f3 Nf6
27. e4 Ba8 28. Be5 g4 29. d5 Ra5 30. Qd2 Bc5+ 31. Kh1 Ra3 32. Qg5+ Kf8 33. Qxf6
Ke8 34. Bb5+ 1-0

[Event "I Festival A"]
[Site "Cortina d'Ampezzo ITA"]
[Date "2003.07.11"]
[Round "6"]
[White "Drasko, Milan"]
[Black "Agnelli, Francesco"]
[Result "1-0"]
[WhiteElo "2491"]
[BlackElo "2102"]
[PlyCount "81"]
[EventDate "2003.07.07"]

1. d4 Nf6 2. c4 g6 3. Nf3 Bg7 4. g3 d6 5. Bg2 O-O 6. O-O Nc6 7. Nc3 a6 8. Bd2
Bg4 9. d5 Bxf3 10. exf3 Ne5 11. b3 c5 12. f4 Ned7 13. Re1 Rb8 14. a4 Re8 15.
Bh3 Nf8 16. f5 gxf5 17. Bxf5 e6 18. dxe6 fxe6 19. Bh3 Qe7 20. Bg5 Rbd8 21. Ra2
Qf7 22. Rd2 h6 23. Bh4 Ng6 24. Rxd6 Rxd6 25. Qxd6 Bf8 26. Qxe6 Nxh4 27. gxh4
Bd6 28. Qxe8+ Qxe8 29. Rxe8+ Nxe8 30. Bc8 Be5 31. Ne4 Nd6 32. Be6+ Kf8 33. Nxc5
Bd4 34. Nd3 b6 35. Bd5 a5 36. Kg2 Nf5 37. Be4 Nd6 38. Kf3 Kf7 39. Kf4 Kf6 40.
Bf3 Nf7 41. Ke4 1-0

[Event "I Festival A"]
[Site "Cortina d'Ampezzo ITA"]
[Date "2003.07.11"]
[Round "6"]
[White "Genocchio, Daniele"]
[Black "Ivanov, Mikhail M."]
[Result "0-1"]
[WhiteElo "2352"]
[BlackElo "2406"]
[PlyCount "90"]
[EventDate "2003.07.07"]

1. e4 e5 2. Nf3 Nf6 3. d3 Nc6 4. g3 g6 5. Bg2 Bg7 6. O-O O-O 7. c4 d6 8. Nc3
Bg4 9. h3 Bxf3 10. Qxf3 h5 11. Bg5 Nd4 12. Qd1 Ne6 13. Be3 h4 14. f4 hxg3 15.
f5 Nd4 16. Bxd4 exd4 17. Ne2 Nh5 18. Bf3 Qg5 19. Qc1 Qxc1 20. Raxc1 Bh6 21.
Rcd1 Nf4 22. Nxf4 Bxf4 23. fxg6 fxg6 24. e5 dxe5 25. Bxb7 Rab8 26. Bd5+ Kg7 27.
b3 Rf6 28. Kg2 Ra6 29. Ra1 c6 30. Bf3 Rbb6 31. Rfb1 Ra3 32. Rb2 c5 33. Rab1 a5
34. Be4 Kh6 35. h4 g5 36. h5 g4 37. Bg6 Kg5 38. Rh1 Kh6 39. Rhb1 Rb8 40. Rf1 a4
41. Rfb1 axb3 42. axb3 Kg5 43. Kh1 Rba8 44. b4 cxb4 45. Rxb4 Ra2 0-1

[Event "I Festival A"]
[Site "Cortina d'Ampezzo ITA"]
[Date "2003.07.11"]
[Round "6"]
[White "Gosio, Denis"]
[Black "Fregonese, Giulio"]
[Result "1-0"]
[WhiteElo "2160"]
[BlackElo "2136"]
[PlyCount "93"]
[EventDate "2003.07.07"]

1. e4 e5 2. Nf3 Nc6 3. Bb5 f5 4. Nc3 fxe4 5. Nxe4 d5 6. Nxe5 dxe4 7. Nxc6 Qg5
8. Qe2 Nf6 9. f4 Qxf4 10. Ne5+ c6 11. d4 Qh4+ 12. g3 Qh3 13. Bc4 Be6 14. Bg5
O-O-O 15. O-O-O Bd6 16. Nf7 Bxf7 17. Bxf7 Rhf8 18. Bb3 Rde8 19. Rdf1 h6 20. Bf4
Bxf4+ 21. Rxf4 Re7 22. Rhf1 Rfe8 23. c3 Kb8 24. Bc2 Qd7 25. Kb1 b5 26. a4 b4
27. cxb4 Qxd4 28. b5 Rb7 29. Rf5 Qb4 30. Kc1 a6 31. R1f4 cxb5 32. axb5 axb5 33.
g4 Qd6 34. Rf1 Qc6 35. Kb1 b4 36. Bb3 Rd8 37. h4 Rd3 38. g5 hxg5 39. hxg5 Rxb3
40. gxf6 gxf6 41. Rxf6 Qc5 42. R1f5 Qe7 43. Rf8+ Ka7 44. Ra5+ Kb6 45. Qa6+ Kc7
46. Qc4+ Kb6 47. Ra6# 1-0